000 00490nmm a2200181Ia 4500
008 251105s9999||||xx |||||||||||||||||und||
041 _aspa
100 _aJeffries, Sabrina
245 0 _aLord Pirata
264 _a[Madrid, España] :
_bTerciopelo,
_c2013
300 _a360 páginas
490 _aTrilogía de los Lores
650 _aRomance
700 _aJeffries, Sabrina
700 1 _a Rabascall, Iolanda
856 _uhttps://public.digitaliapublishing.com/a/32328
942 _cCF
999 _c67240
_d67240